<?xml version="1.0" encoding="UTF-8"?>
<marc:record xmlns:marc="http://www.loc.gov/MARC21/slim">
   <marc:leader>00000nam a2200000 a 4500</marc:leader>
   <marc:datafield ind1=" " ind2=" " tag="653">
      <marc:subfield code="a">Harmonie</marc:subfield>
   </marc:datafield>
   <marc:datafield ind1=" " ind2=" " tag="653">
      <marc:subfield code="a">Metallfolie</marc:subfield>
   </marc:datafield>
   <marc:datafield ind1=" " ind2=" " tag="653">
      <marc:subfield code="a">Farbforscher:innen am Werk</marc:subfield>
   </marc:datafield>
   <marc:datafield ind1="0" ind2="0" tag="245">
      <marc:subfield code="a">HTW Praxis 2023 / 04</marc:subfield>
   </marc:datafield>
   <marc:datafield ind1="0" ind2="0" tag="245">
      <marc:subfield code="b">Vier Elemente</marc:subfield>
   </marc:datafield>
   <marc:datafield ind1="0" ind2="0" tag="245">
      <marc:subfield code="c">. </marc:subfield>
   </marc:datafield>
   <marc:datafield ind1=" " ind2="1" tag="264">
      <marc:subfield code="a">München</marc:subfield>
      <marc:subfield code="b">Cornelsen Verlag GmbH</marc:subfield>
      <marc:subfield code="c">2023</marc:subfield>
   </marc:datafield>
   <marc:datafield ind1=" " ind2=" " tag="250">
      <marc:subfield code="a">2023 / 04</marc:subfield>
   </marc:datafield>
   <marc:datafield ind1="1" ind2=" " tag="520">
      <marc:subfield code="a">&lt;br/&gt;Willkommen in der faszinierenden Welt der vier Elemente - Erde, Wasser, Luft und Feuer! In dieser Ausgabe der HTW Praxis zeigen Ihnen unsere Autorinnen, wie diese Elemente eine endlose Quelle der Inspiration für den Fachunterricht sind. Tauchen Sie ein in eine Welt luftiger Werke, maritimer Kreativität und feuriger Leidenschaft. Eine spannende Reise erwartet Sie!&lt;br/&gt;Lassen Sie uns gemeinsam einen genaueren Blick in „Vier Elemente“ werfen. Welche Highlights gibt es zu entdecken? „Ich sehe was, das du nicht siehst!“ – Mutter Erde präsentiert uns auf ihrem üppigen Teller wunderbare Geschenke. Schwemmholz ist kostenlos, und es mitzunehmen, tut der Natur nicht weh. Genauer betrachtet sieht es aus wie … Ja woran erinnert Sie denn Ihr Holzstück? An ein lustiges Meerestier vielleicht? Schnappen Sie sich bunte Farben und los geht’s! „Bewegtes Farbspiel“ – Schnell, einfach, geringer Materialaufwand: beste Voraussetzungen für eine kurzfristige Unterrichtsidee, die trotzdem beeindruckt. Das fertige Werkstück gedreht zaubert wunderbare Farben und Formen. Geben diese Anlass zum Geschichtenerzählen? „Vorsicht, scharf!“ – Mit wenigen Zutaten und geringem Aufwand entsteht hier in der Schulküche ein besonderes Öl, das nicht nur asiatischen Gerichten eine ordentliche Würze verpasst.&lt;br/&gt;</marc:subfield>
   </marc:datafield>
   <marc:datafield ind1=" " ind2=" " tag="022">
      <marc:subfield code="a">09420053</marc:subfield>
   </marc:datafield>
   <marc:datafield ind1=" " ind2=" " tag="041">
      <marc:subfield code="a">ger</marc:subfield>
   </marc:datafield>
   <marc:datafield ind1="1" ind2=" " tag="521">
      <marc:subfield code="a">0</marc:subfield>
   </marc:datafield>
</marc:record>
